Plant Cell and Tissue culture / (Record no. 3393)
[ view plain ]
| 000 -LEADER | |
|---|---|
| fixed length control field | 00451cam a2200181ua 4500 |
| 041 ## - LANGUAGE CODE | |
| Language code of text/sound track or separate title | eng |
| 082 ## - DEWEY DECIMAL CLASSIFICATION NUMBER | |
| Classification number | 581.0724 |
| Item number | NAR/PL |
| 100 ## - MAIN ENTRY--AUTHOR NAME | |
| Personal name | Narayanaswamy, S . |
| 245 ## - TITLE STATEMENT | |
| Title | Plant Cell and Tissue culture / |
| 250 ## - EDITION STATEMENT | |
| Edition statement | 1 / |
| 260 ## - PUBLICATION, DISTRIBUTION, ETC. (IMPRINT) | |
| Place of publication | : |
| Name of publisher | Tata Mc-Graw Hill Publishing Company , |
| Year of publication | 1961. |
| 500 ## - GENERAL NOTE | |
| General note | *CSS |
| 942 ## - ADDED ENTRY ELEMENTS (KOHA) | |
| Koha item type | Books |
| Withdrawn status | Lost status | Damaged status | Home library | Current library | Shelving location | Date acquired | Full call number | Accession Number | Koha item type |
|---|---|---|---|---|---|---|---|---|---|
| KAUAET | KAUAET | Scheme | 31/08/2018 | 581.0724 NAR/PL | 18501 | Books |
